00663nam a2200241 a 4500001001300000003000900013005001700022008004100039020001000080082001300090100001500103245003200118260003600150300000900186500003500195505001000230650002600240700001500266902000800281942000700289952011000296999001500406nice12345678IN_TiNIC20260116012526.0050524s1981 laha grp 000 0 urd  ac4.500a231bTOZ aTozar, A W aKhuda Ki Sifat Ki Tashreeh. aLahorebMinerva Book Shopc1981 a162p aincludes index and biblioraphy2 aIndex aGod-Biblical Teaching1 aTozar, A W bSRS cBK 001040708StackRoom-aHMIbHMId2007-06-14g4.50l0o231 TOZp011126r2007-06-14v4.50w2005-05-24yBK c7353d7353